<?xml version="1.0" encoding="UTF-8"?>
<record
    xmlns:xsi="http://www.w3.org/2001/XMLSchema-instance"
    xsi:schemaLocation="http://www.loc.gov/MARC21/slim http://www.loc.gov/standards/marcxml/schema/MARC21slim.xsd"
    xmlns="http://www.loc.gov/MARC21/slim">

  <leader>02036caa a22002772a 4500</leader>
  <controlfield tag="001">  013550</controlfield>
  <controlfield tag="003">  AR-FADEU</controlfield>
  <controlfield tag="008">  311216n########xxu####################dd</controlfield>
  <datafield tag="092" ind1=" " ind2=" ">
    <subfield code="a">820.9</subfield>
    <subfield code="b">N532</subfield>
  </datafield>
  <datafield tag="100" ind1=" " ind2=" ">
    <subfield code="a">Ure, Peter</subfield>
  </datafield>
  <datafield tag="245" ind1=" " ind2=" ">
    <subfield code="a">Two Elizabethan poets : Daniel and Ralegh</subfield>
  </datafield>
  <datafield tag="300" ind1=" " ind2=" ">
    <subfield code="a"> PP. 149-164 </subfield>
  </datafield>
  <datafield tag="500" ind1=" " ind2=" ">
    <subfield code="a">En: The new pelican guide to english literature. The age of Shakespeare v. 2 / ed. Boris Ford. Harmondsworth : Penguin, 1982</subfield>
  </datafield>
  <datafield tag="650" ind1=" " ind2=" ">
    <subfield code="a">LITERATURA INGLESA-SIGLO XVI; RENACIMIENTO LITERARIO; RALEGH, WALTER</subfield>
  </datafield>
  <datafield tag="546" ind1=" " ind2=" ">
    <subfield code="a">Ingl&#xE9;s</subfield>
  </datafield>
  <datafield tag="942" ind1=" " ind2=" ">
    <subfield code="c">BDGR</subfield>
  </datafield>
  <datafield tag="773" ind1="0" ind2=" ">
    <subfield code="0">10756</subfield>
    <subfield code="9">9738</subfield>
    <subfield code="a"></subfield>
    <subfield code="b"></subfield>
    <subfield code="d">Princeton</subfield>
    <subfield code="o">02886</subfield>
    <subfield code="t">NEW historical literary study : essays on reproducing texts, representing history</subfield>
    <subfield code="w">(  AR-FADEU)  004934</subfield>
    <subfield code="x"></subfield>
    <subfield code="z">0-691-01546-5</subfield>
  </datafield>
  <datafield tag="773" ind1="0" ind2=" ">
    <subfield code="0">19113</subfield>
    <subfield code="9">19309</subfield>
    <subfield code="a"></subfield>
    <subfield code="b"></subfield>
    <subfield code="d">Harmondsworth</subfield>
    <subfield code="o">0277</subfield>
    <subfield code="t">The NEW pelican guide to  english literature : medieval literature</subfield>
    <subfield code="w">(  AR-FADEU)  013346</subfield>
    <subfield code="x"></subfield>
    <subfield code="z">0-14-02-2264-2</subfield>
  </datafield>
  <datafield tag="773" ind1="0" ind2=" ">
    <subfield code="0">19113</subfield>
    <subfield code="9">19310</subfield>
    <subfield code="a"></subfield>
    <subfield code="b"></subfield>
    <subfield code="d">Harmondsworth</subfield>
    <subfield code="o">0278</subfield>
    <subfield code="t">The NEW pelican guide to  english literature : medieval literature</subfield>
    <subfield code="w">(  AR-FADEU)  013346</subfield>
    <subfield code="x"></subfield>
    <subfield code="z">0-14-02-2264-2</subfield>
  </datafield>
  <datafield tag="773" ind1="0" ind2=" ">
    <subfield code="0">19113</subfield>
    <subfield code="9">19311</subfield>
    <subfield code="a"></subfield>
    <subfield code="b"></subfield>
    <subfield code="d">Harmondsworth</subfield>
    <subfield code="o">0279</subfield>
    <subfield code="t">The NEW pelican guide to  english literature : medieval literature</subfield>
    <subfield code="w">(  AR-FADEU)  013346</subfield>
    <subfield code="x"></subfield>
    <subfield code="z">0-14-02-2264-2</subfield>
  </datafield>
  <datafield tag="773" ind1="0" ind2=" ">
    <subfield code="0">19113</subfield>
    <subfield code="9">19312</subfield>
    <subfield code="a"></subfield>
    <subfield code="b"></subfield>
    <subfield code="d">Harmondsworth</subfield>
    <subfield code="o">0280</subfield>
    <subfield code="t">The NEW pelican guide to  english literature : medieval literature</subfield>
    <subfield code="w">(  AR-FADEU)  013346</subfield>
    <subfield code="x"></subfield>
    <subfield code="z">0-14-02-2264-2</subfield>
  </datafield>
  <datafield tag="773" ind1="0" ind2=" ">
    <subfield code="0">19113</subfield>
    <subfield code="9">19313</subfield>
    <subfield code="a"></subfield>
    <subfield code="b"></subfield>
    <subfield code="d">Harmondsworth</subfield>
    <subfield code="o">0281</subfield>
    <subfield code="t">The NEW pelican guide to  english literature : medieval literature</subfield>
    <subfield code="w">(  AR-FADEU)  013346</subfield>
    <subfield code="x"></subfield>
    <subfield code="z">0-14-02-2264-2</subfield>
  </datafield>
  <datafield tag="773" ind1="0" ind2=" ">
    <subfield code="0">19113</subfield>
    <subfield code="9">19314</subfield>
    <subfield code="a"></subfield>
    <subfield code="b"></subfield>
    <subfield code="d">Harmondsworth</subfield>
    <subfield code="o">0282</subfield>
    <subfield code="t">The NEW pelican guide to  english literature : medieval literature</subfield>
    <subfield code="w">(  AR-FADEU)  013346</subfield>
    <subfield code="x"></subfield>
    <subfield code="z">0-14-02-2264-2</subfield>
  </datafield>
  <datafield tag="773" ind1="0" ind2=" ">
    <subfield code="0">19113</subfield>
    <subfield code="9">19315</subfield>
    <subfield code="a"></subfield>
    <subfield code="b"></subfield>
    <subfield code="d">Harmondsworth</subfield>
    <subfield code="o">0283</subfield>
    <subfield code="t">The NEW pelican guide to  english literature : medieval literature</subfield>
    <subfield code="w">(  AR-FADEU)  013346</subfield>
    <subfield code="x"></subfield>
    <subfield code="z">0-14-02-2264-2</subfield>
  </datafield>
  <datafield tag="773" ind1="0" ind2=" ">
    <subfield code="0">19113</subfield>
    <subfield code="9">19316</subfield>
    <subfield code="a"></subfield>
    <subfield code="b"></subfield>
    <subfield code="d">Harmondsworth</subfield>
    <subfield code="o">0284</subfield>
    <subfield code="t">The NEW pelican guide to  english literature : medieval literature</subfield>
    <subfield code="w">(  AR-FADEU)  013346</subfield>
    <subfield code="x"></subfield>
    <subfield code="z">0-14-02-2264-2</subfield>
  </datafield>
  <datafield tag="999" ind1=" " ind2=" ">
    <subfield code="c">19317</subfield>
    <subfield code="d">19317</subfield>
  </datafield>
</record>
